000 00342 a2200157 4500
001 69073
020 _a1405051027
040 _cAnchieta - Itaigara
100 _aRedfern, Katherine
240 1 0 _aBuggy buddies
_lIng
245 1 0 _aBuggy buddies
300 _a10
362 0 _a1999
650 4 _aLiteratura infantil em inglês
942 _cBK
999 _c69073
_d69073